Statistics for Le Havre AC Squad 2023-2024

Click here to take the quiz!

General Stats

  • This quiz has been taken 5 times
  • The average score is 20 of 31

Answer Stats

#PositionNationPlayer% Correct
94MFGuineaAbdoulaye Touré
100%
28FWGhanaAndré Ayew
100%
7DFHungaryLoïc Négo
100%
25MFFranceAloïs Confais
80%
21FWFranceAntoine Joujou
80%
30GKFranceArthur Desmas
80%
27DFIvory CoastChristopher Operi
80%
14MFRussiaDaler Kuzyaev
80%
4DFFranceGautier Lloris
80%
9FWGuineaMohamed Bayo
80%
93DFSenegalArouna Sangante
60%
11FWUnited StatesEmmanuel Sabbi
60%
45FWSenegalIssa Soumaré
60%
23FWGuadeloupeJosué Casimir
60%
1GKFranceMathieu Gorgelin
60%
16GKIvory CoastMohamed Koné
60%
37MFFranceMokrane Bentoumi
60%
18MFCongoNolan Mbemba
60%
17DFMoroccoOualid El Hajjam
60%
5MFMoroccoOussama Targhalline
60%
19MFSenegalRassoul Ndiaye
60%
29FWFranceSamuel Grandsir
60%
8MFMoroccoYassine Kechta
60%
22DFFrench GuianaYoann Salmier
60%
20FWFranceAndy Logbo
40%
24DFFranceCheick Doumbia
40%
6DFFranceÉtienne Youté Kinkoué
40%
-CoachSloveniaLuka Elsner
40%
10FWFranceNabil Alioui
40%
35DFFranceYoni Gomis
40%
15FWFranceKandet Diawara
20%

Score Distribution

Percentile by Number Answered

Percent of People with Each Score

Your Score History

You have not taken this quiz